000 01778cam a22004454i 4500
003 PE-LiUPU
005 20250731173012.0
008 150616s r 000 0 d
035 _a(Sirsi) a2282
040 _aPE-LiUPU
_bspa
_cPE-LiUPU
_erda
049 _aPRUA
082 0 4 _a274.7
_bG58
_221
100 1 _aGómez, Hilario,
_eautor.
245 1 4 _aLas sectas rusas (aberraciones religiosas de los esclavos) /
_cHilario Gómez.
264 1 _aMadrid :
_bConsejo Superior de Investigaciones Científicas Departamento de Cultura Internacional,
_c1949.
300 _a415 páginas :
_bilustraciones fotos, gráfs. ;
_c23 cm.
336 _atext
_2rdacontent
337 _aunmediated
_2rdamedia
338 _avolume
_2rdacarrier
505 0 _aEl rascol -- Evolución del rascol -- Los clistinos -- La doctrina y práctica de los clistinos -- Ramificaciones del clistismo -- El escopcismo -- Exposición de las doctrinas y prácticas del escopcismo -- La mutilación femenina en el escopcismo -- El protestantismo en Rusia.
526 _aSEG42
526 _aSEG41
526 _aSEG40
526 _aSEG39
526 _aP94
526 _aP87
526 _aP86
526 _aP85
526 _aP77
526 _aP76
526 _aP35
650 0 4 _aIglesia
_xHistoria
_zRusia.
910 _ajck
_bjvq
_cjck
942 _2ddc
_cBOOK
949 _a274.7 G58
_wDEWEY
_c1
_i06139
_lCCODEBUL1
_mBUL
_p00.00
_r0
_sY
_tBOOK
_u2015-04-23
_xTEOLOGIA
_zUNKNOWN
_0COMPRA
_o.STAFF. Colección General
994 _aC0
_bPEPRU
596 _a1
999 _a274.7 G58
_wDEWEY
_c23429
_i06139
_f2021-11-11
_g5
_lCCODEBUL1
_mBUL
_r0
_sY
_tBOOK
_u2015-4-23
_xTEOLOGIA
_zUNKNOWN
_0COMPRA
_o.STAFF. Colección General
_d23429
980 _81
_gALBERTO SANCHEZ Responsable de Automatización